[Event "Warsaw Maciei Memorial"]
[Site "Warsaw"]
[Date "2023.07.10"]
[Round "5"]
[White "Kultiyasov, Mikhail"]
[Black "Dunalewicz, Pawel"]
[Result "1-0"]
[WhiteElo "2204"]
[BlackElo "1883"]
[PlyCount "43"]
[EventDate "2023.07.10"]
[EventType "swiss (blitz)"]
[EventRounds "11"]
[EventCountry "POL"]
[SourceTitle "CBM 215 Extra"]
[Source "ChessBase"]
[SourceDate "2023.09.30"]
[SourceVersion "1"]
[SourceVersionDate "2023.09.30"]
[SourceQuality "1"]

1. e4 e6 2. d4 d5 3. Nd2 dxe4 4. Nxe4 Nd7 5. Bd3 Ngf6 6. Nf3 b6 7. Bg5 Be7 8. Qe2 Bb7 9. Nxf6+ Nxf6 10. Bb5+ c6 11. Bd3 0-0 12. 0-0-0 Qd5 13. c4 Qa5 14. Kb1 c5 15. d5 Rfe8 16. dxe6 fxe6 17. Qxe6+ Kh8 18. Ne5 Bc8 19. Nf7+ Kg8 20. Nh6+ Kh8 21. Qg8+ Rxg8 22. Nf7# 1-0

[Event "Warsaw YMCA Spring-A 257th"]
[Site "Warsaw"]
[Date "2022.06.24"]
[Round "11"]
[White "Dunalewicz, Pawel"]
[Black "Niedbal, Piotr"]
[Result "1/2-1/2"]
[WhiteElo "1879"]
[BlackElo "1868"]
[PlyCount "134"]
[EventDate "2022.04.08"]
[EventType "tourn"]
[EventRounds "11"]
[EventCountry "POL"]
[SourceTitle "EXT 2023"]
[Source "ChessBase"]
[SourceDate "2022.10.05"]
[SourceVersion "1"]
[SourceVersionDate "2022.10.05"]
[SourceQuality "1"]

1. e4 c5 2. Nf3 e6 3. b3 d5 4. exd5 Qxd5 5. Bb2 Nf6 6. Bc4 Qe4+ 7. Be2 a6 8. 0-0 Nc6 9. Re1 Qf4 10. d4 cxd4 11. g3 Qc7 12. Nxd4 Bc5 13. Nxc6 Qxc6 14. Bf3 Qb6 15. Qe2 Bd7 16. Nd2 Bb5 17. c4 Bc6 18. Bxc6+ Qxc6 19. Ne4 Nxe4 20. Qxe4 Qxe4 21. Rxe4 0-0 22. Ree1 Rfd8 23. Red1 Kf8 24. Kf1 f6 25. Ke2 Ke7 26. f3 e5 27. a3 Ke6 28. b4 Bb6 29. c5 Bc7 30. a4 Rxd1 31. Rxd1 Rd8 32. Rxd8 Bxd8 33. Kd3 Kd5 34. g4 g6 35. Bc3 f5 36. h3 e4+ 37. fxe4+ fxe4+ 38. Ke2 Kc4 39. Be1 Bg5 40. h4 Bf4 41. h5 gxh5 42. gxh5 Kb3 43. b5 Kxa4 44. bxa6 bxa6 45. c6 Kb5 46. Bd2 Bc7 47. Ke3 Kxc6 48. Kxe4 Kd7 49. Kf5 Ke7 50. Bb4+ Kf7 51. Bc3 Bd6 52. Ba5 Bf8 53. Bd2 Bg7 54. Be1 Bd4 55. Ba5 Bc5 56. Bd2 Bb6 57. Bc3 a5 58. Bxa5 Bxa5 59. h6 Ke7 60. Kg4 Ke6 61. Kh3 Kf5 62. Kg2 Kf4 63. Kh1 Kf3 64. Kg1 Bb6+ 65. Kh1 Kf2 66. Kh2 Bc7+ 67. Kh1 Bg3 1/2-1/2

[Event "POL-chT 2nd League"]
[Site "Wysowa"]
[Date "2003.09.10"]
[Round "6"]
[White "Szajda, Marcin"]
[Black "Dunalewicz, Pawel"]
[Result "0-1"]
[WhiteElo "2057"]
[BlackElo "2012"]
[PlyCount "120"]
[EventDate "2003.09.06"]
[EventType "team-swiss"]
[EventRounds "11"]
[EventCountry "POL"]
[SourceTitle "CBM 096 Extra"]
[Source "ChessBase"]
[SourceDate "2003.10.22"]
[SourceVersion "2"]
[SourceVersionDate "2003.10.20"]
[SourceQuality "1"]
[WhiteTeam "Chroscice Victoria"]
[BlackTeam "Warszawa YMCA"]
[WhiteTeamCountry "POL"]
[BlackTeamCountry "POL"]

1. e4 e6 2. d4 d5 3. Nc3 Nf6 4. Bg5 dxe4 5. Nxe4 Nbd7 6. Nf3 Be7 7. Bxf6 Nxf6 8. Bd3 Nxe4 9. Bxe4 c5 10. 0-0 0-0 11. c3 Qc7 12. Qc2 h6 13. Rad1 a5 14. Rfe1 Ra6 15. d5 exd5 16. Bxd5 Bf6 17. Qe4 Be6 18. Qc4 Bd7 19. h3 b5 20. Qd3 Bc6 21. Bxc6 Qxc6 22. Ne5 Bxe5 23. Rxe5 Rc8 24. Qf5 Ra7 25. Red5 Raa8 26. Rd6 Qe8 27. R1d5 b4 28. Rxc5 bxc3 29. bxc3 Rxc5 30. Qxc5 Rc8 31. Qd4 Qe1+ 32. Kh2 Qxc3 33. Qxc3 Rxc3 34. Rd2 g5 35. f3 Kg7 36. Kg3 Kg6 37. h4 f6 38. hxg5 hxg5 39. Kf2 f5 40. g3 g4 41. fxg4 fxg4 42. Rd6+ Kf7 43. Rd4 Rc2+ 44. Ke3 Rxa2 45. Kf4 Rb2 46. Rd5 Rb4+ 47. Kf5 a4 48. Rd7+ Ke8 49. Ra7 Kd8 50. Ke5 Kc8 51. Kd5 Kb8 52. Ra5 Kc7 53. Kc5 Re4 54. Ra7+ Kb8 55. Ra6 Kb7 56. Rb6+ Ka7 57. Rb2 a3 58. Rf2 Re3 59. Rf4 Rxg3 60. Ra4+ Kb7 0-1

[Event "POL-chT 2nd League"]
[Site "Wysowa"]
[Date "2003.09.06"]
[Round "1"]
[White "Dunalewicz, Pawel"]
[Black "Halas, Przemyslaw"]
[Result "0-1"]
[WhiteElo "2012"]
[BlackElo "2158"]
[PlyCount "62"]
[EventDate "2003.09.06"]
[EventType "team-swiss"]
[EventRounds "11"]
[EventCountry "POL"]
[SourceTitle "CBM 096 Extra"]
[Source "ChessBase"]
[SourceDate "2003.10.22"]
[SourceVersion "2"]
[SourceVersionDate "2003.10.20"]
[SourceQuality "1"]
[WhiteTeam "Warszawa YMCA"]
[BlackTeam "Swiecie Gambit"]
[WhiteTeamCountry "POL"]
[BlackTeamCountry "POL"]

1. e4 e5 2. Nf3 Nc6 3. d4 exd4 4. Nxd4 Qh4 5. Nb5 Bc5 6. Qf3 Nd4 7. Nxd4 Bxd4 8. c3 Bb6 9. Bd3 d6 10. 0-0 Qf6 11. Nd2 Be6 12. a4 c6 13. Qxf6 Nxf6 14. a5 Bc7 15. f3 Nd7 16. Bc4 Ne5 17. Bxe6 fxe6 18. Nb3 0-0 19. Nd4 Rae8 20. b3 a6 21. Bd2 c5 22. Nc2 c4 23. b4 d5 24. h3 Nd3 25. Be3 Bg3 26. Rad1 Rf7 27. Bb6 Nf4 28. Bf2 Ne2+ 29. Kh1 Bxf2 30. Rxf2 Nxc3 31. Rd4 Nxe4 0-1